Statistics for Nama rasmi negara di seluruh Dunia - Bahasa Malaysia

Click here to take the quiz!

General Stats

  • This quiz has been taken 18 times
  • The average score is 2 of 196

Answers on the Map

Answers color-coded by a green-red scale on the quiz's map according to % correct below.
 

Answer Stats

Country% Correct
Malaysia
50%
Kanada
31%
Amerika Syarikat
19%
Jepun
13%
Mongolia
6%
Negeri Kuwait
6%
Negeri Libya
6%
Negeri Palestin
6%
Negeri Qatar
6%
Prinsipaliti Andorra
6%
Prinsipaliti Monaco
6%
Republik Ireland
6%
Republik Yunani
6%
Antigua dan Barbuda
0%
Barbados
0%
Belize
0%
Bosnia dan
Herzegovina
0%
Burkina Faso
0%
Emiriah Arab Bersatu
0%
Emiriah Islam Afghanistan
0%
Georgia
0%
Grenada
0%
Hungary
0%
Iceland
0%
Jamaica
0%
Kadipaten Agung Luxembourg
0%
Kepulauan Solomon
0%
Kerajaan Arab Saudi
0%
Kerajaan Bahrain
0%
Kerajaan Belanda
0%
Kerajaan Belgium
0%
Kerajaan Bersatu Britain Raya dan Ireland Utara
0%
Kerajaan Bhutan
0%
Kerajaan Denmark
0%
Kerajaan Eswatini
0%
Kerajaan Hashimiyyah Jordan
0%
Kerajaan Kemboja
0%
Kerajaan Lesotho
0%
Kerajaan Liechtenstein
0%
Kerajaan Maghribi
0%
Kerajaan Negara Thai
0%
Kerajaan Norway
0%
Kerajaan Sepanyol
0%
Kerajaan Sweden
0%
Kesatuan Comoros
0%
Kesultanan Oman
0%
Komanwel Australia
0%
Komanwel Bahamas
0%
Komanwel Dominika
0%
Konfederasi Switzerland
0%
Montenegro
0%
Negara Brunei Darussalam
0%
Negara Kesatuan Republik Indonesia
0%
Negara Kota Vatican
0%
Negara Merdeka Papua New Guinea
0%
Negara Merdeka Samoa
0%
Negara Plurinasi Bolivia
0%
Negeri Eritrea
0%
Negeri-negeri Mexico Bersatu / Mexico Syarikat
0%
New Zealand
0%
Persekutuan Micronesia
0%
Persekutuan Russia
0%
Persekutuan Saint Christopher dan Nevis
0%
Republik Afrika Selatan
0%
Republik Afrika Tengah
0%
Republik Albania
0%
Republik Angola
0%
Republik Arab Mesir
0%
Republik Arab Syria
0%
Republik Argentina
0%
Republik Armenia
0%
Republik Austria
0%
Republik Azerbaijan
0%
Republik Belarus
0%
Republik Benin
0%
Republik Bersatu Tanzania
0%
Republik Bolivar Venezuela
0%
Republik Botswana
0%
Republik Bulgaria
0%
Republik Burundi
0%
Republik Cameroon
0%
Republik Chad
0%
Republik Chile
0%
Republik China
0%
Republik Colombia
0%
Republik Congo
0%
Republik Costa Rica
0%
Republik Cote d'Ivoire
0%
Republik Croatia
0%
Republik Cuba
0%
Republik Cyprus
0%
Republik Czech
0%
Republik Democratik Congo
0%
Republik Demokratik Persekutuan Habsyah
0%
Republik Demokratik Persekutuan Nepal
0%
Republik Demokratik Rakyat Algeria
0%
Republik Demokratik Rakyat Lao
0%
Republik Demokratik São Tomé dan Príncipe
0%
Republik Demokratik Timor Leste
0%
Republik Djibouti
0%
Republik Dominika
0%
Republik Ecuador
0%
Republik El Salvador
0%
Republik Estonia
0%
Republik Fiji
0%
Republik Filipina
0%
Republik Finland
0%
Republik Gabon
0%
Republik Gambia
0%
Republik Ghana
0%
Republik Guatemala
0%
Republik Guinea
0%
Republik Guinea-Bissau
0%
Republik Guinea Khatulistiwa
0%
Republik Haiti
0%
Republik Honduras
0%
Republik India
0%
Republik Iraq
0%
Republik Islam Iran
0%
Republik Islam Mauritania
0%
Republik Islam Pakistan
0%
Republik Itali
0%
Republik Kazakhstan
0%
Republik Kenya
0%
Republik Kepulauan Marshall
0%
Republik Kerjasama Guyana
0%
Republik Kesatuan Myanmar
0%
Republik Kiribati
0%
Republik Korea
0%
Republik Kosovo
0%
Republik Kyrgyz
0%
Republik Latvia
0%
Republik Liberia
0%
Republik Lithuania
0%
Republik Lubnan
0%
Republik Macedonia Utara
0%
Republik Madagaskar
0%
Republik Malawi
0%
Republik Maldives
0%
Republik Mali
0%
Republik Malta
0%
Republik Mauritius
0%
Republik Moldova
0%
Republik Mozambique
0%
Republik Namibia
0%
Republik Nauru
0%
Republik Nicaragua
0%
Republik Niger
0%
Republik Palau
0%
Republik Panama
0%
Republik Paraguay
0%
Republik Perancis
0%
Republik Persekutuan Brazil
0%
Republik Persekutuan Jerman
0%
Republik Persekutuan Nigeria
0%
Republik Persekutuan Somalia
0%
Republik Peru
0%
Republik Poland
0%
Republik Portugal
0%
Republik Rakyat Bangladesh
0%
Republik Rakyat China
0%
Republik Rakyat Demokratik Korea
0%
Republik Rwanda
0%
Republik San Marino
0%
Republik Senegal
0%
Republik Serbia
0%
Republik Seychelles
0%
Republik Sierra Leone
0%
Republik Singapura
0%
Republik Slovak
0%
Republik Slovenia
0%
Republik Sosialis Demokratik Sri Lanka
0%
Republik Sosialis Vietnam
0%
Republik Sudan
0%
Republik Sudan Selatan
0%
Republik Suriname
0%
Republik Tajikistan
0%
Republik Tanjung Verde
0%
Republik Timur (Oriental) Uruguay
0%
Republik Togo
0%
Republik Tonga
0%
Republik Trinidad dan Tobago
0%
Republik Tunisia
0%
Republik Turki
0%
Republik Uganda
0%
Republik Uzbekistan
0%
Republik Vanuatu
0%
Republik Yaman
0%
Republik Zambia
0%
Republik Zimbabwe
0%
Romania
0%
Saint Lucia
0%
Saint Vincent dan Kepulauan Grenadines
0%
Turkmenistan
0%
Tuvalu
0%
Ukraine
0%

Score Distribution

Percentile by Number Answered

Percent of People with Each Score

Your Score History

You have not taken this quiz